000 02012nam a22002777a 4500
003 PE SENCICO BE
005 20260417153437.0
008 260417b |||||||| |||| 00| 0 eng d
017 _22006-11271
020 _a978-9972-87-5
040 _aPE SENCICO BE
_cPE SENCICO BE
041 _aspa
082 _a658.404
_bR81
100 1 _aRomero Moreno, Gesvin
_9637
_eautor
245 1 _aGestión de proyectos /
_cGesvin Romero Moreno
250 _a1a ed.
260 _aLima :
_bGrupo Editorial Megabyte SAC ;
_c2007
300 _a650 paginas :
_bilustraciones ;
_c21.5 cm.
505 0 _aCiclo de vida y las funciones en la gestión de proyectos – Misión del proyecto – Calidad en los proyectos de carácter único – Equipo de gestión y el pensamiento sistémico – Gestión del riesgo – Los estudios previos y el plan directos – Gestión del diseño – Gestión del coste – Gestión del medio ambiente – Gestión del plazo – Gestión del aprovisionamiento – Gestión de las licencias – Gestión de la corporificarían – Gestión de la operación y de los recursos y gestión de calidad – Gestión de la comunicación y la documentación – Fase final del ciclo de vida
520 3 _aPresenta de manera práctica las diferentes actividades involucradas con la gestión de proyectos, desde el ciclo de vida de un proyecto, así como sus principales funciones y variables procesales como el nivel de esfuerzo, valor añadido y cambios proyectuales. Luego se desarrollan conceptos relacionados con la misión proyectual y el entendimiento de la misma como el carácter, identidad y razón de ser de una organización. Finalmente, aborda el concepto de calidad, así como sus más importantes características, su proyecto y su aseguramiento por medio de la elaboración del plan de calidad
650 1 0 _aAdministración de proyectos
_9363
650 2 0 _aProceso constructivo
_9426
650 2 0 _aFinanciamiento de proyectos
_9638
910 _ahfp
942 _2ddc
_cLIB
999 _c9878
_d9878